Culture G commençant par Z - Statistiques

Statistiques générales
  • Ce quiz a été pris 340 fois
  • Le résultat moyen est 18 sur 30
Statistiques - réponses
Questions Réponses % Correct
Seul autre pays a commencer par cette lettre Zimbabwe
98%
Animal connu pour ses rayures Zèbre
96%
Fermeture éclair Zip
96%
Synonyme de "oh mince" Zut
95%
Lusaka est la capitale de ce pays Zambie
94%
Chiffre ni positif ni négatif Zéro
92%
Footballeur connu avec cette lettre en double initiale Zinedine Zidane
90%
Faire un gros plan sur un individu, application de réunion et visioconférence Zoom
89%
Ville la plus peuplée de Suisse Zurich
88%
Fondateur du réseau social Facebook Mark Zuckerberg
85%
Il a 12 signes Zodiaque
84%
Chaîne espagnole de mode Zara
80%
Sexuellement, Titeuf avait le guide Zizi
80%
Elément du tableau périodique Zinc / Zirconium
75%
Modèle de Renault Zoé
71%
Bateau a moteur Zodiac
69%
Il étudie les animaux et leurs modes de vie Zoologiste
69%
Synonyme de slalomer Zigzaguer
67%
Seule capitale en Z Zagreb
65%
Ancien nom de la République Démocratique du Congo Zaïre
63%
Unité monétaire de la Pologne Zloty
39%
Os de la mâchoire Zygomatiques
39%
Pilote de moto GP Français, double champion du monde moto 2 et vainqueur en Australie en 2023 Johann Zarco
25%
Programme d'entraînement alliant cardio et préparation musculaire, équilibre et flexibilité Zumba
25%
Circuit hollandais utilisé en F1 et dont sa longueur est de 4 km et 259 mètres Zandvoort
17%
Ville ukrainienne de presque 800 000 habitants Zaporijia
11%
Retranscrit phonétiquement "olive" en arabe Zaytoun
5%
numéro 1 mondial au tennis de table à la date du 16/01/2024 Fan Zhendong
4%
Synonyme de Plaisanter en Belgique Zwanzer
3%
Marque de mode de luxe australienne au nom germanique Zimmermann
2%
Aucun quiz correspondant
Distribution des résultats
% des personnes avec chaque résultat
Percentile par nombre de réponses
Votre historique - résultats
Vous n’avez pas pris ce quiz